000
00329 a2200157 4500
001
171888
020
_a
040
_c
Magnum
100
_a
Mokarzel, Marisa
240
1
0
_a
Tibirica, o boto de ipanema
_l
por
245
1
0
_a
Tibirica, o boto de ipanema
362
0
_a
1899
440
1
_a
FTD
697
_a
J/ROMANCE
942
_c
BK
999
_c
171888
_d
171888